| 000 | 00652nam a2200133Ia 4500 | ||
|---|---|---|---|
| 008 | 220620s9999||||xx |||||||||||||| ||und|| | ||
| 022 | _a16648714 | ||
| 100 | _aNaser A. Anjum||Rene Kizek||Adriano Sofo||Margarete Baier||Nafees A. Khan | ||
| 245 | 0 | _aRedox Homeostasis Managers in Plants under Environmental Stresses | |
| 546 | _aEnglish[eng] | ||
| 650 | _aRedox compounds||Energy metabolism mediators||redox couples||Oxidative Stress||plant life||Electron carriersm||redox homeostasis||Environmental stress | ||
| 856 | _uhttp://journal.frontiersin.org/researchtopic/2715/redox-homeostasis-managers-in-plants-under-environmental-stresses | ||
| 942 | _cEB | ||
| 999 |
_c24458 _d24458 |
||